|
|
|
|
| LEADER |
00636naa a2200181 i 4500 |
| 001 |
acta67774 |
| 005 |
20260224081030.0 |
| 008 |
200422s2006 hu o 000 hun d |
| 020 |
|
|
|a 963 957 314 0
|
| 040 |
|
|
|a SZTE Egyetemi Kiadványok Repozitórium
|b hun
|
| 041 |
|
|
|a hun
|
| 100 |
1 |
|
|a Pászka Imre
|
| 245 |
1 |
0 |
|a Közép-Európa
|h [elektronikus dokumentum] :
|b a jelentés dimenziói /
|c Pászka Imre
|
| 260 |
|
|
|c 2006
|
| 300 |
|
|
|a 302-324
|
| 490 |
0 |
|
|a A fordított folyamatok struktúrái
|
| 695 |
|
|
|a Eszmetörténet, Tudásszociológia
|
| 856 |
4 |
0 |
|u http://acta.bibl.u-szeged.hu/67774/1/2006_forditott_folyamatok_302-324.pdf
|z Dokumentum-elérés
|